[Event "7. Lichtenberger Sommer"]
[Site "Berlin"]
[Date "2008.08.22"]
[Round "7.50"]
[White "Lichey, Dustin"]
[Black "Bergmann, Jens"]
[Result "1-0"]
[WhiteElo "1861"]
[BlackElo "1625"]
[PlyCount "111"]
[EventDate "2008.??.??"]
[WhiteTeam "1. Schachclub Anhalt"]
[BlackTeam "SK Tempelhof 1931 e.V."]

1. d4 Nf6 2. g3 g6 3. Bg2 d5 4. Nf3 Bg7 5. O-O O-O 6. b3 Bd7 7. Bb2 Qc8 8. Re1
Na6 9. c4 dxc4 10. bxc4 c5 11. d5 Bf5 12. Nbd2 Bh3 13. e4 Bxg2 14. Kxg2 Nb4 15.
Nb3 Rd8 16. Qe2 b6 17. a3 Na6 18. e5 Nh5 19. Nbd2 Qg4 20. Qe4 Qxe4 21. Rxe4 Bh8
22. Rae1 Nc7 23. g4 Ng7 24. a4 Nge8 25. Rf4 Na6 26. Ne4 Nb4 27. Rd1 h6 28. g5
e6 29. d6 h5 30. Nf6+ Kf8 31. Re4 Ng7 32. Nh7+ Kg8 33. Nf6+ Kf8 34. Nh4 a6 35.
Nh7+ Kg8 36. Nf6+ Kf8 37. Re2 Ra7 38. Bc3 Nc6 39. Rb2 Rb7 40. Rdb1 Rdb8 41.
Rxb6 Rxb6 42. Rxb6 Rxb6 43. Nd7+ Ke8 44. Nxb6 Kd8 45. f4 Ne8 46. Bd2 Nxe5 47.
fxe5 Bxe5 48. d7 Ng7 49. Nf3 Bc7 50. Bc3 Bxb6 51. Bxg7 Kxd7 52. Ne5+ Ke8 53.
Bf6 Ba5 54. Kf3 Bc3 55. Ke4 a5 56. Kd3 1-0

[Event "7. Lichtenberger Sommer"]
[Site "Berlin"]
[Date "2008.08.22"]
[Round "7.51"]
[White "Nekrasova, Kateryna"]
[Black "Knopf, Roland"]
[Result "1/2-1/2"]
[WhiteElo "1788"]
[BlackElo "1949"]
[PlyCount "50"]
[EventDate "2008.??.??"]
[WhiteTeam "SV Empor Berlin e.V."]
[BlackTeam "SC Kreuzberg e.V."]

1. e4 e5 2. Nf3 d6 3. d4 exd4 4. Nxd4 Nf6 5. Nc3 Be7 6. Be2 O-O 7. O-O Nc6 8.
Bf4 Re8 9. Nxc6 bxc6 10. e5 dxe5 11. Bxe5 Bd6 12. Bd4 c5 13. Be3 Rb8 14. Rb1 c6
15. Bf3 Qc7 16. h3 Ba6 17. Re1 Rbd8 18. Qc1 Bc4 19. b3 Bd5 20. Nxd5 cxd5 21.
Bg5 Rxe1+ 22. Qxe1 Be5 23. Bxf6 Bxf6 24. Bxd5 g6 25. Rd1 Bd4 1/2-1/2

[Event "7. Lichtenberger Sommer"]
[Site "Berlin"]
[Date "2008.08.22"]
[Round "7.52"]
[White "Windolf, Mario"]
[Black "Dauer, Carolin"]
[Result "1-0"]
[WhiteElo "1839"]
[BlackElo "1594"]
[PlyCount "137"]
[EventDate "2008.??.??"]
[WhiteTeam "1. Schachclub Anhalt"]
[BlackTeam "Spgem Kötz/Ichenhausen"]

1. Nf3 c6 2. g3 d5 3. Bg2 Bf5 4. d3 Nf6 5. O-O e6 6. Nbd2 Be7 7. c4 O-O 8. h3
Nbd7 9. Nh4 Bg6 10. Nxg6 hxg6 11. cxd5 exd5 12. Nf3 Bd6 13. Qc2 Re8 14. Bg5 Qc7
15. Rae1 Bb4 16. Bd2 Bxd2 17. Qxd2 Re7 18. e3 Rae8 19. Rc1 Qb8 20. b4 Nb6 21.
Rc2 Nfd7 22. Rfc1 Rd8 23. Qc3 Ne5 24. Nd4 Ree8 25. Qb3 Rc8 26. b5 cxb5 27. Nxb5
Red8 28. Rxc8 Rxc8 29. Rb1 Rd8 30. Nxa7 Qxa7 31. Qxb6 Qxb6 32. Rxb6 Rd7 33. d4
Nc6 34. Rb5 Ne7 35. e4 dxe4 36. Bxe4 Rxd4 37. Bxb7 Ra4 38. Re5 Nf5 39. Re8+ Kh7
40. Ra8 Rd4 41. a4 Nd6 42. Bf3 Nc4 43. a5 Ne5 44. Bb7 Rd1+ 45. Kg2 Nc4 46. a6
Ra1 47. Rf8 f6 48. h4 Ra3 49. Rf7 Nd6 50. Rd7 Nxb7 51. axb7 Rb3 52. Kf1 Kh6 53.
Ke2 Kh5 54. Rxg7 Kh6 55. Rd7 Kh5 56. f3 g5 57. hxg5 Kxg5 58. Kd2 Kf5 59. Kc2
Rb6 60. Re7 Kg6 61. Kc3 Rb1 62. Kc4 Rc1+ 63. Kb5 f5 64. Re6+ Kf7 65. Rb6 Rb1+
66. Kc6 Rc1+ 67. Kd7 Rd1+ 68. Kc7 Rc1+ 69. Rc6 1-0

[Event "7. Lichtenberger Sommer"]
[Site "Berlin"]
[Date "2008.08.22"]
[Round "7.53"]
[White "Baranowsky, Peter"]
[Black "Mohr, Horst"]
[Result "1-0"]
[WhiteElo "1836"]
[BlackElo "1538"]
[PlyCount "57"]
[EventDate "2008.??.??"]
[WhiteTeam "BA Tempelhof"]
[BlackTeam "SC Caissa Falkensee e.V."]

1. d4 d5 2. Nf3 Nf6 3. e3 c6 4. c4 Bg4 5. Nc3 Nbd7 6. Be2 e6 7. O-O c5 8. h3
Bh5 9. dxc5 Nxc5 10. cxd5 Be7 11. dxe6 Nxe6 12. Qa4+ Kf8 13. Rd1 Qc8 14. Nd5
Qc6 15. Bb5 Qxd5 16. Rxd5 Nxd5 17. e4 Nb6 18. Qb3 Nc5 19. Qe3 a6 20. Bf1 Rc8
21. b4 Nca4 22. Bd2 Bxf3 23. gxf3 Nc4 24. Bxc4 Rxc4 25. Rc1 b5 26. Rxc4 bxc4
27. Qa7 Ke8 28. Qa8+ Bd8 29. Qc6+ 1-0

[Event "7. Lichtenberger Sommer"]
[Site "Berlin"]
[Date "2008.08.22"]
[Round "7.54"]
[White "Fuchs, Jörg"]
[Black "Kapr, Klaus"]
[Result "0-1"]
[WhiteElo "1914"]
[BlackElo "2059"]
[PlyCount "76"]
[EventDate "2008.??.??"]
[WhiteTeam "SC Kreuzberg e.V."]
[BlackTeam "SC Friesen Lichtenberg e.V."]

1. e4 c6 2. Nc3 d5 3. Nf3 Bg4 4. h3 Bxf3 5. Qxf3 e6 6. exd5 cxd5 7. Bb5+ Nc6 8.
d4 Nf6 9. O-O Be7 10. Re1 O-O 11. Bxc6 bxc6 12. Be3 Rb8 13. Rab1 Qa5 14. Qg3
Rfe8 15. Bh6 Bf8 16. Re3 Kh8 17. Qg5 Qd8 18. Rf3 Rb7 19. Re1 Ne4 20. Qxd8 Rxd8
21. Bc1 Bb4 22. Rfe3 Bxc3 23. bxc3 Nd6 24. Kh2 Kg8 25. g4 Rdb8 26. R3e2 Ne4 27.
Bf4 Rc8 28. f3 Nxc3 29. Re3 Nxa2 30. Ra3 Rb2 31. Rxa7 Rxc2+ 32. Kg3 Nc3 33. Kh4
Nb5 34. Ra4 h6 35. Kh5 Rc4 36. Ra2 Nxd4 37. Bd6 Kh7 38. Ra7 g6+ 0-1

[Event "7. Lichtenberger Sommer"]
[Site "Berlin"]
[Date "2008.08.22"]
[Round "7.55"]
[White "Pichler, Klaus"]
[Black "Krusemark, Gerhard"]
[Result "1-0"]
[WhiteElo "1871"]
[BlackElo "1705"]
[PlyCount "71"]
[EventDate "2008.??.??"]
[BlackTeam "TSG Rot-Weiß Fredersdorf/Vogelsd"]

1. f4 d6 2. Nf3 Nf6 3. e3 Nc6 4. d4 e6 5. Bd3 Bd7 6. Bd2 d5 7. c4 Nb4 8. Be2
Ne4 9. c5 a5 10. Nc3 Be7 11. O-O O-O 12. Nxe4 dxe4 13. Ne5 Be8 14. Bxb4 axb4
15. Qb3 b6 16. cxb6 cxb6 17. Rfc1 Qd5 18. Bc4 Qd6 19. Qc2 f5 20. Bb3 Bb5 21.
Qc7 Rfd8 22. Qxd6 Rxd6 23. Rc2 g5 24. g3 gxf4 25. gxf4 Kg7 26. Rg2+ Kf8 27. Rc1
Bd8 28. Kh1 Ra7 29. Rcg1 Bf6 30. Rg8+ Ke7 31. R8g7+ Bxg7 32. Rxg7+ Kf8 33. Rxa7
Kg8 34. Re7 Rd8 35. Rxe6 Kg7 36. Re7+ 1-0

[Event "7. Lichtenberger Sommer"]
[Site "Berlin"]
[Date "2008.08.22"]
[Round "7.56"]
[White "Kapp, Stefan"]
[Black "Rührmund, Daniel"]
[Result "1/2-1/2"]
[WhiteElo "2093"]
[BlackElo "1823"]
[PlyCount "108"]
[EventDate "2008.??.??"]
[WhiteTeam "TSV IFA Chemnitz"]
[BlackTeam "SC Einheit Bautzen"]

1. d4 Nf6 2. c4 c5 3. d5 e6 4. dxe6 fxe6 5. Nc3 Be7 6. e4 Nc6 7. Nf3 d6 8. Be2
O-O 9. O-O e5 10. Bg5 Be6 11. Nd2 Nd7 12. Bxe7 Qxe7 13. Bg4 a6 14. Bxe6+ Qxe6
15. Nd5 Rac8 16. Qb3 Rb8 17. f3 Nd4 18. Qd3 Nf6 19. f4 Qe8 20. Nxf6+ gxf6 21.
fxe5 fxe5 22. Rxf8+ Qxf8 23. Rf1 Qe7 24. Nb1 Rf8 25. Nc3 Rxf1+ 26. Qxf1 Qf7 27.
Nd5 Qxf1+ 28. Kxf1 Kf7 29. Kf2 b5 30. Nc7 bxc4 31. Nxa6 c3 32. bxc3 Nb5 33. c4
Na3 34. Nc7 Nxc4 35. Nb5 Kf6 36. a4 Kg5 37. Kg3 h5 38. Na7 Nd2 39. a5 Nxe4+ 40.
Kf3 Nd2+ 41. Ke2 Nc4 42. a6 Nb6 43. Nb5 d5 44. Nc7 c4 45. a7 d4 46. a8=Q Nxa8
47. Nxa8 e4 48. Nc7 Kf4 49. Nd5+ Ke5 50. Nb4 e3 51. Kf3 c3 52. Nd3+ Kd5 53. g3
Kc4 54. Ke2 Kd5 1/2-1/2

[Event "7. Lichtenberger Sommer"]
[Site "Berlin"]
[Date "2008.08.22"]
[Round "7.57"]
[White "Kornath, Heinrich"]
[Black "Kießling, Beate"]
[Result "0-1"]
[WhiteElo "1970"]
[BlackElo "1692"]
[PlyCount "86"]
[EventDate "2008.??.??"]
[WhiteTeam "SC Friesen Lichtenberg e.V."]
[BlackTeam "Queer-Springer SSV Berlin"]

1. e4 c6 2. d4 d5 3. Nc3 dxe4 4. Nxe4 Nd7 5. Bc4 Ngf6 6. Ng5 e6 7. Qe2 Nb6 8.
Bb3 h6 9. N5h3 Qxd4 10. Nf3 Qe4 11. Be3 Nbd5 12. O-O Nxe3 13. fxe3 Bc5 14. Rae1
Ng4 15. Nd4 Bxd4 16. exd4 Qxd4+ 17. Kh1 Nf6 18. c3 Qd6 19. Nf4 a5 20. a4 b6 21.
Qf3 O-O 22. c4 Ba6 23. Rd1 Qc5 24. Nd3 Qh5 25. Qg3 Qg4 26. Qc7 c5 27. Ne5 Qg5
28. Nc6 Ng4 29. Rf3 Qh5 30. Rdf1 Nf6 31. h3 Ne4 32. g4 Qh4 33. Qf4 Ng5 34. Rd3
Bb7 35. Qc7 Bxc6+ 36. Qxc6 Nxh3 37. Kg2 Qxg4+ 38. Kh1 Nf4 39. Re3 Rad8 40. Qe4
Qh4+ 41. Kg1 Nh3+ 42. Kg2 Rd2+ 43. Kf3 Ng5# 0-1

[Event "7. Lichtenberger Sommer"]
[Site "Berlin"]
[Date "2008.08.22"]
[Round "7.58"]
[White "Bandsom, Olaf"]
[Black "Grillich, Alexander"]
[Result "1-0"]
[WhiteElo "1774"]
[BlackElo "2032"]
[PlyCount "79"]
[EventDate "2008.??.??"]
[WhiteTeam "SC Friesen Lichtenberg e.V."]
[BlackTeam "SC Rochade e.V."]

1. e4 c5 2. Nf3 e6 3. d4 cxd4 4. Nxd4 Nc6 5. Nb5 d6 6. Bf4 e5 7. Be3 a6 8. N5c3
Nf6 9. Bc4 Be7 10. O-O O-O 11. a4 Ng4 12. Qd2 Nb4 13. Nd5 Nxd5 14. Bxd5 Nxe3
15. Qxe3 Qc7 16. Qb3 Rb8 17. Nc3 Bg5 18. Rad1 Kh8 19. h3 f5 20. exf5 Bxf5 21.
Be4 Be7 22. Nd5 Qd7 23. Bxf5 Rxf5 24. Nxe7 Qxe7 25. Qd5 Rf6 26. c4 h6 27. Rd2
Rc8 28. b3 Rc5 29. Qd3 e4 30. Qe3 b5 31. axb5 axb5 32. cxb5 Rxb5 33. Rfd1 Qb7
34. Rxd6 Rxd6 35. Rxd6 Rxb3 36. Rd8+ Kh7 37. Qf4 Rd3 38. Re8 Rd7 39. Qf5+ g6
40. Qf8 1-0

[Event "7. Lichtenberger Sommer"]
[Site "Berlin"]
[Date "2008.08.22"]
[Round "7.59"]
[White "Mager, Thomas"]
[Black "Kujawa, Werner"]
[Result "1/2-1/2"]
[WhiteElo "1901"]
[BlackElo "1848"]
[PlyCount "43"]
[EventDate "2008.??.??"]
[WhiteTeam "SK 1929 Mainaschaff"]
[BlackTeam "SV Motor Wildau e.V."]

1. d4 Nf6 2. c4 c5 3. Nf3 cxd4 4. Nxd4 Nc6 5. g3 g6 6. Bg2 Bg7 7. O-O O-O 8.
Nc3 Nxd4 9. Qxd4 d6 10. Qd3 Nd7 11. e4 Ne5 12. Qe2 Be6 13. Nd5 Rc8 14. Be3 Nxc4
15. Rac1 Nxe3 16. Rxc8 Bxc8 17. Qxe3 b6 18. Qa3 Be6 19. Qxa7 Bxd5 20. exd5 Bxb2
21. Re1 Bf6 22. Re4 1/2-1/2

[Event "7. Lichtenberger Sommer"]
[Site "Berlin"]
[Date "2008.08.22"]
[Round "7.61"]
[White "Müller, Johannes"]
[Black "Alvarez, Luis"]
[Result "1-0"]
[WhiteElo "1789"]
[BlackElo "1824"]
[PlyCount "67"]
[EventDate "2008.??.??"]
[WhiteTeam "SC Eintracht Berlin e.V."]
[BlackTeam "Schachclub Zug um Zug Everswinke"]

1. e4 d5 2. e5 c5 3. c3 Qb6 4. Nf3 Nc6 5. h3 Bd7 6. d4 e6 7. Be2 cxd4 8. cxd4
Nge7 9. Nc3 Nf5 10. Nb5 a6 11. g4 Bb4+ 12. Kf1 axb5 13. gxf5 exf5 14. Rg1 g6
15. h4 h5 16. Be3 Nd8 17. Qb3 Ba5 18. Qxd5 Be6 19. Qxb5+ Bd7 20. Qxb6 Bxb6 21.
d5 Bxe3 22. fxe3 O-O 23. Kf2 b5 24. Rgc1 Rb8 25. Rc7 Bc8 26. Rac1 Bb7 27. R1c5
b4 28. Bc4 Ba8 29. Ng5 Rb7 30. Rc8 Ra7 31. e6 Nb7 32. exf7+ Kg7 33. Rxf8 Nxc5
34. Rg8+ 1-0

[Event "7. Lichtenberger Sommer"]
[Site "Berlin"]
[Date "2008.08.22"]
[Round "7.62"]
[White "Schlittermann, Wolfgang"]
[Black "Schalck, Christiano"]
[Result "0-1"]
[WhiteElo "1626"]
[BlackElo "1747"]
[PlyCount "172"]
[EventDate "2008.??.??"]
[WhiteTeam "SK Gillette"]
[BlackTeam "SC Schwarz-Weiß Lichtenrade e.V."]

1. Nf3 d5 2. d4 Nf6 3. c4 e6 4. Nc3 Nbd7 5. Bg5 h6 6. Bd2 Be7 7. cxd5 exd5 8.
e3 O-O 9. Bd3 Re8 10. O-O Nf8 11. Rc1 Bg4 12. h3 Bh5 13. Be2 c6 14. Qb3 Rb8 15.
Rfe1 Bd6 16. Qc2 Rc8 17. a3 Bc7 18. Nh2 Qd6 19. f4 Bxe2 20. Nxe2 Ne4 21. Bb4
Qe6 22. Nf3 Nd6 23. Ng3 Nc4 24. Nf1 Nd6 25. Qb3 Rb8 26. Bd2 Ne4 27. Bb4 Ng6 28.
Ne5 Nh4 29. Re2 Kh7 30. Qc2 Rg8 31. Ng3 f5 32. Be1 Nxg3 33. Bxg3 Ng6 34. Nxg6
Qxg6 35. Bh2 Kh8 36. g4 Rbf8 37. Rg2 Qe6 38. Qd3 Rf7 39. Qb3 Re8 40. Re1 Bb6
41. Qc3 Qe4 42. gxf5 Rxf5 43. Bg3 Qf3 44. Qd3 Re4 45. Kh2 Rh5 46. Qe2 Qxe2 47.
Rexe2 Rf5 48. h4 Rf7 49. Kh3 Rfe7 50. f5 Rxe3 51. Rxe3 Rxe3 52. Rd2 Bc7 53. Rg2
Rd3 54. Kg4 Rxd4+ 55. Kh5 Bxg3 56. Rxg3 Kh7 57. Re3 Re4 58. Rxe4 dxe4 59. Kg4
g5 60. fxg6+ Kxg6 61. h5+ Kf6 62. Kf4 e3 63. Kxe3 Kg5 64. Ke4 Kf6 65. b4 b6 66.
Kd4 Kf5 67. a4 Kf4 68. Kc4 Ke4 69. Kc3 Kd5 70. Kd3 c5 71. bxc5 bxc5 72. a5 a6
73. Ke3 Kc4 74. Kf4 Kb4 75. Kf5 c4 76. Kg6 c3 77. Kxh6 c2 78. Kg6 c1=Q 79. h6
Qg1+ 80. Kf7 Qf2+ 81. Kg7 Qg3+ 82. Kh8 Kxa5 83. h7 Qh4 84. Kg7 Qg5+ 85. Kh8 Qh5
86. Kg7 Kb4 0-1

[Event "7. Lichtenberger Sommer"]
[Site "Berlin"]
[Date "2008.08.22"]
[Round "7.63"]
[White "Mildenberger, Hans"]
[Black "Völker, Thomas"]
[Result "0-1"]
[WhiteElo "1565"]
[BlackElo "1766"]
[PlyCount "56"]
[EventDate "2008.??.??"]
[WhiteTeam "BVG Helmholtz"]
[BlackTeam "SF Friedrichshagen"]

1. d4 Nf6 2. c4 d6 3. Nc3 Nbd7 4. Nf3 e5 5. d5 Be7 6. e4 Nc5 7. Qc2 a5 8. Be3
b6 9. Be2 O-O 10. O-O Bd7 11. a3 a4 12. Nd2 h6 13. b4 axb3 14. Nxb3 Nxb3 15.
Qxb3 Nh7 16. f3 Bg5 17. f4 exf4 18. Bxf4 Qe7 19. Bd3 Bxf4 20. Rxf4 Qe5 21. Rf2
Nf6 22. h3 Nh5 23. Re1 Bxh3 24. Rf3 Bg4 25. Rfe3 Rae8 26. Ne2 f5 27. Qc3 f4 28.
Qxe5 dxe5 0-1

[Event "7. Lichtenberger Sommer"]
[Site "Berlin"]
[Date "2008.08.22"]
[Round "7.64"]
[White "Schmalzried, Volker"]
[Black "Kasper, Peter"]
[Result "1-0"]
[WhiteElo "1758"]
[BlackElo "1587"]
[PlyCount "37"]
[EventDate "2008.??.??"]
[WhiteTeam "Umweltbundesamt"]
[BlackTeam "SG Eckturm"]

1. c4 e6 2. d4 Nf6 3. Nc3 d5 4. cxd5 exd5 5. Nf3 c6 6. g3 h6 7. Bg2 Bf5 8. O-O
Bd6 9. Re1 O-O 10. Nh4 Bh7 11. e4 dxe4 12. Nxe4 Bxe4 13. Bxe4 Nxe4 14. Rxe4 Nd7
15. Nf5 Nf6 16. Rh4 Re8 17. Bxh6 gxh6 18. Qd2 Bf8 19. Nxh6+ 1-0

[Event "7. Lichtenberger Sommer"]
[Site "Berlin"]
[Date "2008.08.22"]
[Round "7.65"]
[White "Radjenovic, Branko"]
[Black "Moritz, Aron"]
[Result "0-1"]
[WhiteElo "1903"]
[BlackElo "1967"]
[PlyCount "62"]
[EventDate "2008.??.??"]
[WhiteTeam "SK Aleksandar Matanovic"]
[BlackTeam "SV Empor Berlin e.V."]

1. d4 d5 2. c4 e6 3. Nc3 Nf6 4. Nf3 Nbd7 5. Bf4 dxc4 6. Qa4 a6 7. Qxc4 Bd6 8.
Bg5 h6 9. Bh4 b5 10. Qd3 Bb7 11. a3 O-O 12. e4 Be7 13. Bg3 c5 14. dxc5 Nxc5 15.
Qxd8 Rfxd8 16. e5 Nh5 17. Nd2 Nxg3 18. hxg3 Rxd2 19. Kxd2 Nb3+ 20. Kc2 Nxa1+
21. Kb1 Nb3 22. Kc2 Nc5 23. f3 Nd7 24. f4 Nb6 25. Nd1 Rc8+ 26. Kd3 Rd8+ 27. Kc2
Be4+ 28. Kc1 Na4 29. Be2 Bxg2 30. Rh2 Be4 31. Bg4 Rc8+ 0-1

[Event "7. Lichtenberger Sommer"]
[Site "Berlin"]
[Date "2008.08.22"]
[Round "7.66"]
[White "Reinacher, Detlev"]
[Black "Wendland, Frank"]
[Result "1/2-1/2"]
[WhiteElo "1558"]
[BlackElo "1736"]
[PlyCount "58"]
[EventDate "2008.??.??"]
[WhiteTeam "Schachclub Hansa Dortmund e.V."]
[BlackTeam "Treptower SV 1949 e.V."]

1. d4 d5 2. c4 c6 3. Nc3 Nf6 4. cxd5 cxd5 5. e3 e6 6. Bd3 b6 7. Nf3 Bb7 8. O-O
Be7 9. b3 O-O 10. Bb2 Nbd7 11. Re1 Ne4 12. Nd2 f5 13. f3 Nxc3 14. Bxc3 Rc8 15.
Rc1 Bd6 16. f4 Nf6 17. Qe2 Ne4 18. Nxe4 fxe4 19. Bb1 Qf6 20. g3 Qf5 21. g4 Qf6
22. g5 Qf5 23. Bd2 Ba3 24. Rxc8 Rxc8 25. Kg2 Rc7 26. h4 Bc8 27. Rh1 Be7 28. Kg3
Bd7 29. Bc1 Bd6 1/2-1/2

[Event "7. Lichtenberger Sommer"]
[Site "Berlin"]
[Date "2008.08.22"]
[Round "7.67"]
[White "Kapp, Frank"]
[Black "Knauft, Marcel"]
[Result "1/2-1/2"]
[WhiteElo "1748"]
[BlackElo "1571"]
[PlyCount "167"]
[EventDate "2008.??.??"]
[WhiteTeam "TSV IFA Chemnitz"]
[BlackTeam "SK 1929 Mainaschaff"]

1. d4 e6 2. c4 d5 3. Nc3 Nf6 4. Bf4 Bd6 5. Bxd6 Qxd6 6. c5 Qe7 7. Nf3 b6 8. b4
O-O 9. e3 Bb7 10. Bd3 a5 11. a3 axb4 12. axb4 Nc6 13. Rb1 Ra3 14. Qc2 e5 15.
dxe5 Nxe5 16. Nxe5 Qxe5 17. Nb5 Rxd3 18. Qxd3 Ba6 19. Qd4 Qg5 20. O-O Bxb5 21.
Rfc1 bxc5 22. Rxc5 c6 23. Ra1 Qf5 24. f3 Nd7 25. Rc3 Re8 26. Rca3 h6 27. Re1
Ne5 28. Rea1 Qg6 29. e4 dxe4 30. fxe4 Kh7 31. Rg3 Qf6 32. Rd1 Qe6 33. h3 Qc4
34. Qf2 Qxe4 35. Rd4 Qb1+ 36. Kh2 Qf1 37. Qc2+ Ng6 38. Rf3 Re2 39. Qxg6+ fxg6
40. Rxf1 Re5 41. Rf7 c5 42. bxc5 Rxc5 43. h4 Rc2 44. Rg4 Bc6 45. Rc7 Bf3 46.
Rxc2 Bxg4 47. Kg3 h5 48. Kf4 Bf5 49. Rc7 Kg8 50. Ke5 Kf8 51. Kd6 Bg4 52. g3 Bf5
53. Re7 Bg4 54. Re1 Kf7 55. Rf1+ Ke8 56. Ke5 Ke7 57. Ra1 Ke8 58. Kf4 Kf7 59.
Kg5 Bf5 60. Ra6 Bd3 61. Ra7+ Kg8 62. Kf4 Bf5 63. Ke5 Bg4 64. Kd6 Kf8 65. Ra5
Bf5 66. Re5 Kf7 67. Re7+ Kf8 68. Rc7 Bg4 69. Ke5 Kg8 70. Rc2 Kf7 71. Rf2+ Ke7
72. Kf4 Kf6 73. Rb2 Kf7 74. Kg5 Bf5 75. Rf2 Kg8 76. Rf4 Kh7 77. Rf2 Bg4 78. Rf8
Bf5 79. Kf4 Bg4 80. Ke5 Bh3 81. Kd6 g5 82. Ke7 gxh4 83. gxh4 Kg6 84. Rf2
1/2-1/2

[Event "7. Lichtenberger Sommer"]
[Site "Berlin"]
[Date "2008.08.22"]
[Round "7.68"]
[White "Penner, Markus"]
[Black "Wirp, Hans-Werner"]
[Result "1-0"]
[WhiteElo "1423"]
[BlackElo "1709"]
[PlyCount "77"]
[EventDate "2008.??.??"]
[WhiteTeam "SK Zehlendorf e.V."]
[BlackTeam "SK Oschersleben 1948"]

1. e4 e5 2. Nf3 Nc6 3. Bc4 Nf6 4. d3 Bc5 5. O-O h6 6. c3 d6 7. h3 Bd7 8. Be3 g5
9. Bxc5 dxc5 10. Qb3 Rf8 11. Qxb7 g4 12. hxg4 Nxg4 13. Bd5 Rb8 14. Qa6 Rb6 15.
Qa3 a5 16. Qxc5 Rb5 17. Qxb5 Nd4 18. Qxd7+ Kxd7 19. cxd4 exd4 20. Nbd2 f5 21.
Nc4 fxe4 22. Nce5+ Nxe5 23. Nxe5+ Kc8 24. dxe4 Qg5 25. Rac1 Qxe5 26. Rc5 Qf4
27. Rxa5 Kd7 28. Ra4 Qd2 29. b3 Qb2 30. f3 Rf6 31. Rd1 c5 32. Ra7+ Ke8 33. e5
Rf5 34. Bc6+ Kf8 35. Re1 d3 36. e6 Re5 37. Rxe5 Qa1+ 38. Kf2 Qb2+ 39. Kf1 1-0

[Event "7. Lichtenberger Sommer"]
[Site "Berlin"]
[Date "2008.08.22"]
[Round "7.70"]
[White "Sampels, Michael"]
[Black "Roth, Joachim"]
[Result "0-1"]
[WhiteElo "1745"]
[BlackElo "1861"]
[PlyCount "118"]
[EventDate "2008.??.??"]
[WhiteTeam "SC EPA"]
[BlackTeam "SG Bund"]

1. e4 e6 2. f4 c5 3. Nf3 Nc6 4. c3 d5 5. e5 c4 6. d4 cxd3 7. Qxd3 Bc5 8. b4 Bb6
9. Be3 Nh6 10. Bxb6 Qxb6 11. Nd4 Nxd4 12. Qxd4 Qxd4 13. cxd4 Nf5 14. Bb5+ Bd7
15. Bxd7+ Kxd7 16. Kd2 Nxd4 17. Nc3 Nc6 18. Rab1 f6 19. b5 Na5 20. exf6 gxf6
21. f5 Rae8 22. fxe6+ Rxe6 23. Rhd1 Rg8 24. Kc1 Rxg2 25. Nxd5 Rd6 26. Nxf6+ Ke6
27. Rxd6+ Kxd6 28. Rb2 Rg1+ 29. Kc2 Ke6 30. Nxh7 Rg7 31. Nf8+ Ke7 32. Kc3 Kxf8
33. Rd2 b6 34. Rd8+ Ke7 35. Rd2 Rh7 36. Kc2 Nb7 37. Kd1 Rh4 38. Rc2 Nc5 39. Rg2
Ne6 40. Kc1 Kd6 41. Rc2 Rb4 42. Rb2 Kc5 43. Re2 Nd4 44. Re5+ Kc4 45. h4 Nxb5
46. Re4+ Kc5 47. Rxb4 Kxb4 48. Kb2 a5 49. h5 Nd6 50. h6 b5 51. a3+ Kc4 52. Kc2
b4 53. axb4 axb4 54. h7 Nf7 55. Kb2 b3 56. Kb1 Kc3 57. Kc1 b2+ 58. Kb1 Nh8 59.
Ka2 Kc2 0-1

[Event "7. Lichtenberger Sommer"]
[Site "Berlin"]
[Date "2008.08.22"]
[Round "7.71"]
[White "Walter, Günter"]
[Black "Pews, Kristine"]
[Result "1/2-1/2"]
[WhiteElo "2082"]
[BlackElo "1757"]
[PlyCount "39"]
[EventDate "2008.??.??"]
[WhiteTeam "TSG Oberschöneweide e.V."]
[BlackTeam "USC Viadrina Frankfurt (Oder) e."]

1. e4 g6 2. d4 Bg7 3. Nc3 c6 4. Be3 d5 5. Qd2 Nf6 6. exd5 cxd5 7. Bh6 O-O 8.
Bxg7 Kxg7 9. O-O-O Nc6 10. f3 Bd7 11. h4 h5 12. Nh3 Rc8 13. Nf2 a6 14. Qg5 Be6
15. g4 Qd6 16. gxh5 Nxh5 17. Nh3 Qg3 18. Rg1 Qxg5+ 19. Nxg5 Nf4 20. Ne2 1/2-1/2

[Event "7. Lichtenberger Sommer"]
[Site "Berlin"]
[Date "2008.08.22"]
[Round "7.72"]
[White "Krüger, Stefan"]
[Black "Kopmann, Jens"]
[Result "0-1"]
[WhiteElo "1548"]
[BlackElo "1967"]
[PlyCount "210"]
[EventDate "2008.??.??"]
[WhiteTeam "SC Friesen Lichtenberg e.V."]
[BlackTeam "USV Potsdam e.V., Abt. Schach"]

1. d4 g6 2. c4 Bg7 3. Nc3 Nf6 4. e4 d6 5. Nf3 O-O 6. Be2 Nbd7 7. O-O c5 8. d5
Ne8 9. Qc2 a6 10. Bf4 Nc7 11. a4 Nf6 12. h3 Nh5 13. Bh2 e5 14. dxe6 Nxe6 15.
Nd5 Bd4 16. e5 Bxe5 17. Bxe5 dxe5 18. Nxe5 Nd4 19. Qd3 Bf5 20. Qd1 Nf6 21.
Nxf6+ Qxf6 22. Ng4 Qb6 23. Nh6+ Kg7 24. Nxf5+ Nxf5 25. Qd2 Rad8 26. Qc3+ Nd4
27. Rab1 Qb3 28. Qxb3 Nxb3 29. Rfd1 b6 30. Rd3 Rxd3 31. Bxd3 a5 32. Rd1 Rd8 33.
Bc2 Rxd1+ 34. Bxd1 Nd4 35. f4 Kf6 36. Kf2 g5 37. fxg5+ Kxg5 38. g3 Kf5 39. Ke3
Ke5 40. h4 h6 41. Bh5 f5 42. g4 fxg4 43. Bxg4 Nc2+ 44. Kd2 Kf4 45. Bd1 Ne3 46.
Be2 Nf5 47. h5 Ng3 48. Bd1 Kg5 49. Ke3 Kf5 50. Bf3 Nf1+ 51. Kd3 Kf4 52. Bd1 Ng3
53. b3 Ne4 54. Be2 Nd6 55. Bd1 Nf5 56. Be2 Nh4 57. Bd1 Ng2 58. Be2 Ne3 59. Kd2
Ke4 60. Bd3+ Kd4 61. Be2 Nf5 62. Bf3 Ng3 63. Kd1 Ne4 64. Kc2 Ke3 65. Bg4 Ng3
66. Kc3 Ne2+ 67. Kc2 Nf4 68. Kc3 Ne2+ 69. Kc2 Nd4+ 70. Kc3 Kf2 71. Bd7 Kf3 72.
Be8 Kf4 73. Bg6 Kg5 74. Bf7 Kf6 75. Be8 Nf5 76. Kd3 Nd6 77. Bg6 Kg5 78. Ke3 Kf6
79. Kf4 Nb7 80. Be8 Nd8 81. Bd7 Ke7 82. Bg4 Kf6 83. Bd7 Nf7 84. Be8 Ne5 85. Ke4
Ke6 86. Bb5 Ng4 87. Kf4 Nf6 88. Bc6 Nxh5+ 89. Kg4 Nf6+ 90. Kf4 h5 91. Bf3 h4
92. Bg2 Kd6 93. Bh3 Ne8 94. Bg2 Ng7 95. Bf3 Ne6+ 96. Kg4 Nd4 97. Bd1 Ke5 98.
Kxh4 Ke4 99. Kg3 Kd3 100. Kf4 Kc3 101. Ke5 Nxb3 102. Kd5 Kb4 103. Bxb3 Kxb3
104. Kc6 Kxc4 105. Kxb6 Kb4 0-1

[Event "7. Lichtenberger Sommer"]
[Site "Berlin"]
[Date "2008.08.22"]
[Round "7.73"]
[White "Mühlhan, Klaus"]
[Black "Skibbe, Willi"]
[Result "0-1"]
[WhiteElo "2006"]
[BlackElo "2183"]
[PlyCount "52"]
[EventDate "2008.??.??"]
[WhiteTeam "SC Empor Potsdam 1952 e.V."]
[BlackTeam "SV 1861 Liebschwitz"]

1. e4 e6 2. d4 d5 3. exd5 exd5 4. Bd3 Nc6 5. c3 Bd6 6. Ne2 Nge7 7. Bf4 Bg4 8.
Qc1 O-O 9. Bxd6 Qxd6 10. Qf4 Qe6 11. f3 Bf5 12. Bxf5 Nxf5 13. Kf2 Rae8 14. Re1
Ne3 15. Na3 Qg6 16. Qg3 Qd3 17. Rab1 Re6 18. Nf4 Qd2+ 19. Re2 Nd1+ 20. Kf1 Rxe2
21. Nxe2 Ne3+ 22. Kf2 Re8 23. Re1 Qxb2 24. Qxc7 Qxa3 25. Nf4 Qxc3 26. Qd7 Ng4+
0-1

[Event "7. Lichtenberger Sommer"]
[Site "Berlin"]
[Date "2008.08.22"]
[Round "7.74"]
[White "Karunaharamoorthy, Achudhan"]
[Black "Dietzel, Uwe"]
[Result "1-0"]
[WhiteElo "1869"]
[BlackElo "1532"]
[PlyCount "83"]
[EventDate "2008.??.??"]
[WhiteTeam "SC Kreuzberg e.V."]
[BlackTeam "TSV Lichtentanne SAbt"]

1. d4 Nf6 2. c4 e6 3. Nc3 Bb4 4. e3 c5 5. Bd3 Nc6 6. Nge2 O-O 7. O-O d6 8. Qc2
Ba5 9. Bd2 Nb4 10. Qb1 Nxd3 11. Qxd3 Qd7 12. e4 e5 13. d5 Ne8 14. Ng3 Bxc3 15.
Bxc3 Qg4 16. Qe3 f5 17. f4 exf4 18. Rxf4 Qg5 19. Qf2 g6 20. Rf1 Ng7 21. Bxg7
Kxg7 22. exf5 gxf5 23. h4 Qe7 24. Nxf5+ Bxf5 25. Rxf5 Rxf5 26. Qxf5 Rg8 27. Rf4
Re8 28. h5 Rf8 29. Qxf8+ Qxf8 30. Rxf8 Kxf8 31. Kf2 Kg7 32. Kf3 h6 33. Kf4 Kf6
34. a4 b6 35. b3 a6 36. g3 a5 37. g4 Kg7 38. Kf5 Kf7 39. g5 hxg5 40. Kxg5 Kg7
41. Kf5 Kf7 42. h6 1-0